Word Ladder: Breakfast Club Plot Spoiler Quiz Stats

 Plays Quiz Updated Jun 28, 2012

Support Sporcle.
Go Orange.
Score 0/39 Timer 03:00
0 Plays Today
Hint Word % Correct
Strong breezeWIND
93.2%
UntamedWILD
92.9%
❤ OBTAINS ❤❤ GETS ❤
86.6%
Melon or cheese skinRIND
86%
WagersBETS
84.9%
Sail supportMAST
84%
Head and shoulders statueBUST
82.9%
Not optionalMUST
81.6%
Bacharach or ReynoldsBURT
80.7%
❤ PENNILESS ❤❤ POOR ❤
80%
Too tartSOUR
79.3%
❤ ACCOMPANIED BY ❤❤ WITH ❤
78.4%
Hair styling goopsGELS
77.7%
Voter surveyPOLL
75.7%
Spill forth liquidPOUR
75.4%
Place in a graveBURY
75.1%
CleanseWASH
74.6%
Tow or dragPULL
73.8%
Genie's boonWISH
72.8%
Sour ____ bourbonMASH
72.4%
Hint Word % Correct
Matador's horny foeBULL
72.3%
BarrierWALL
72.1%
Swimming, steno, or motor ____POOL
72.1%
Water sourceWELL
70.9%
Kind of chefSOUS
70.1%
Whip markWELT
68.3%
Darth Vader or Maul, e.g.SITH
68.2%
❤ GERMAN FOREST ❤❤ WALD ❤
67.7%
Stacked bedBUNK
67%
❤ HOOP ❤❤ RING ❤
63.3%
Takes a load offSITS
61.4%
Weighty massBULK
60.4%
DrunkardsSOTS
56.8%
❤ OCCUPIED ❤❤ BUSY ❤
56.5%
Soft, unwoven clothFELT
52.7%
____ Naptha laundry soapFELS
48.4%
'Brown ____' revolutionary war musketBESS
44.8%
❤ SURLY YOUTH ❤❤ PUNK ❤
44.7%
KissBUSS
41.3%

Today's Daily Dose

Word Ladder
Math Aid

Get the Picture
Warrior Women

You're not logged in!

Compare scores with friends on all Sporcle quizzes.
OR
Log In
Forgot?

From the Vault

Follow That Line: Seinfeld

by thezeppo

What is the deal with this quiz? (cue Seinfeld theme).
Remove Ads.
Support Sporcle.
Get the best of Sporcle when you Go Orange. This ad-free experience offers more features, more stats, and more fun while also helping to support Sporcle. Thank you for becoming a member.

Show Comments

Extras

Top Quizzes Today


Score Distribution

Your Account Isn't Verified!

In order to create a playlist on Sporcle, you need to verify the email address you used during registration. Go to your Sporcle Settings to finish the process.

Report this User

Report this user for behavior that violates our Community Guidelines.

Details: